000
00319nam a22001337a 4500
020
_a
978-93-85916-10-6
082
_a
894.812.3
_b
KAN/J
100
_a
KANAKARAGHAVAN
245
_a
JACKUM BEANSTALKUM MATTU KATHAKALUM
260
_a
THRISSUR
_b
H&C PUBLISHING HOUSE
300
_a
144
650
_a
STORY
_z
KERALA
942
_c
BK
999
_c
6940
_d
6940